000 01105nam a22003737a 4500
001 BR8405514
003 BR-BrBNA
005 20230928092036.0
007 ta
008 230509b bl.||||| |||| 00| 0 por d
040 _aBR-BrBNA
_bpor
_cBiblioteca Nacional de Agricultura
041 _a(Por)
072 _aE14; F06; P10
_b/GZ35
_b/G514
090 _ E14 BR8405514
100 1 _aLima, M.L.P.
100 1 _aFernandes, M.
100 1 _aNeves, E.N.
100 1 _aVale, L.C.C.
100 1 _aRodrigues, F.
245 1 _aAnte-projeto preliminar; projeto piloto de exploracao integrada numa pequena bacia hidrografica no Vale do Rio Doce
260 3 _aBelo Horizonte, MG (Brasil):
_c1984.
300 _a14 p.
500 _a(*) Documento disponível no(a) Secretaria de Estado da Agricultura, Belo Horizonte, MG (Brazil)
650 _aSOLO
650 _aMANEJO DO SOLO
650 _aAGUA
650 _aREFLORESTAMENTO
650 _aIRRIGACAO
650 _aCUSTO
650 _aBACIA HIDROGRAFICA
650 _aVALE DO RIO DOCE
909 _a202309
_bLucia
_c55
_dLucia Elande
942 _cBK
999 _c36856
_d36856